| 000 | 00485nam a22001937a 4500 | ||
|---|---|---|---|
| 003 | MPLRDC | ||
| 005 | 20220104113718.0 | ||
| 008 | 210129b ||||| |||| 00| 0 eng d | ||
| 020 | _a957-13-3359-X | ||
| 082 | _a857.7 LRZ | ||
| 100 | _a吕如中 | ||
| 245 |
_a我的同事是猪头 _c |
||
| 250 | _a初版 | ||
| 260 |
_a台湾 _b时报文化出版企业股份有限公司 _c2001 |
||
| 300 | _b221 | ||
| 490 | _aOFFICE系列. 2 | ||
| 650 | _a长篇小说 | ||
| 942 |
_cBK _o857.7 LRZ |
||
| 999 |
_c1764 _d1754 |
||